Συζήτησις γύρω από τα θέματα της παιδείας

Αποθηκεύτηκε σε:
Λεπτομέρειες βιβλιογραφικής εγγραφής
Κύριος συγγραφέας: Ποταμιάνος, Χαράλαμπος Γ., 1906-
Μορφή: Βιβλίο
Γλώσσα:Greek
Δημοσίευση: Αθήναι : [χ.ό.], 1970
Θέματα:
Ετικέτες: Προσθήκη ετικέτας
Δεν υπάρχουν, Καταχωρήστε ετικέτα πρώτοι!

MARC

LEADER 00000cam a2200000 i 4500
001 1/84863
008 050906s1970 gre d
035 |l 10080128 
040 |a GR-MY-UA  |b gre  |e aacr 
041 0 |a gre 
082 0 |a 370.1  |2 (22) 
100 1 |a Ποταμιάνος, Χαράλαμπος Γ.,   |d 1906- 
245 1 0 |a Συζήτησις γύρω από τα θέματα της παιδείας /  |c Χ. Ποταμιάνου 
260 |a Αθήναι :   |b [χ.ό.],   |c 1970 
300 |a 195 σ.;  |c 22 εκ. 
500 |a Με: Κοινωνία χωρίς σχολεία / Ιβάν Ίλλιτς. - Ο άνθρωπος στις δυό κρίσιμες ηλικίες του / Λούλα Α. Διδίκα. - Τα γράμματα στ' Αφάντου στα χρόνια της σκλαβιάς / Εμμ. Δαν. Μπακίρης. - Ουμανισμός και χριστιανισμός / Π. Ι. Μπρατσιώτου 
650 0 0 |a Education  |x Social aspects  |z Greece. 
852 |a INST  |b RHODES  |c KRI  |e 20050906  |h  370.1 ILL  |p 005400028426  |q 005400028426  |t BK  |y 0 
901 |a BIBL4-2005-3 
909 |a Ρ  |b 12295 
922 |a 4ΕΛΗ 
970 |a ΣΙΔΕΡΗ  |b ΝΕΚΤΑΡΙΑ  |z 2005/09/06